000
00244nam a22001217a 4500
041
_a
ENG
100
_a
Asanare .J .J
245
_a
Testing Of Materials
260
_a
Delhi
_b
Nirali Prakasan
_c
1997
300
_a
39
650
_a
FS
856
_u
FS
999
_c
841
_d
841